The Scribe Remembered: (Record no. 201033)

MARC details
000 -LEADER
fixed length control field 00685nam a22002057a 4500
005 - DATE AND TIME OF LATEST TRANSACTION
control field 20240307110644.0
008 - FIXED-LENGTH DATA ELEMENTS--GENERAL INFORMATION
fixed length control field 090826t xxu||||| |||| 00| 0 eng d
010 ## - LCCN (DPL NO)
LC control number ENG-139432
020 ## - INTERNATIONAL STANDARD BOOK NUMBER
International Standard Book Number 9789350870556
Terms of availability 450.00/-
035 ## - SYSTEM CONTROL NUMBER
System control number EN-122964
037 ## - SOURCE OF ACQUISITION
Source of stock number/acquisition DBAD/PUB
040 ## - CATALOGING SOURCE
Language of cataloging English
082 ## - DEWEY DECIMAL CLASSIFICATION NUMBER
Classification number 920
245 ## - TITLE STATEMENT
Title The Scribe Remembered:
Remainder of title N.Gopinathan Nair-His Life and Times/
Statement of responsibility, etc Edited By K. Saradamoni
260 ## - PUBLICATION, DISTRIBUTION, ETC. (IMPRINT)
Name of publisher, distributor, etc K. SARADAMONI
Place of publication, distribution, etc KERALA
Date of publication, distribution, etc 2012
270 ## - ADDRESS
Address TRUVANANTHAPURAM
City KERALA, INDIA
300 ## - PHYSICAL DESCRIPTION
Extent 480p.
Dimensions 24CM(PBK)
700 ## - ADDED ENTRY--PERSONAL NAME
Personal name Saradamoni K.
Relator term Editor
9 (RLIN) 62896
942 ## - ADDED ENTRY ELEMENTS (KOHA)
Source of classification or shelving scheme Dewey Decimal Classification
Item type English Books
Call number suffix THE
Edition FIRST 2012
Holdings
Withdrawn status Lost status Source of classification or shelving scheme Damaged status Not for loan Collection code Home library Current library Date acquired Source of acquisition Cost, normal purchase price Total Checkouts Full call number Barcode Date last seen Copy number Cost, replacement price Koha item type
    Dewey Decimal Classification     Non-fiction Peshwa Road Peshwa Road 26/02/2024 DBAD/PUB 450.00   920 THE EN-122964 26/02/2024 1 450.00 English Books

© Delhi Public Library
Hit Counter
free hit counter